00659nam a2200217Ia 4500003000900000008004100009040001300050040001300063041000800076100002000084245006700104250001300171260002100184260000900205300000800214490001100222490000600233942000700239999001300246952018200259IT-RoPAU120407s9999 xx 000 0 und d aIT-RoPAU cIT-RoPAU aita aGiovanni Roatta aLo Spirito Santo nella Chiesa e nelle anime. Meditazione 2 ed. aPescara  aEdizioni Paoline c1964 c cm aUt in. v1 cBK c243d243 00102ddc406248_55700000000000071aPAULUSbPAULUSd2012-04-11l0o248.557r2012-04-11 00:00:00w2012-04-11yBKzInserito da: In data: n.d. fondo: Via A.Severo 56 Progr:24930